| 000 | 00679nam a2200205 a 4500 | ||
|---|---|---|---|
| 001 | 1512 | ||
| 003 | CDMR | ||
| 005 | 20131108133000.0 | ||
| 008 | 130130s1987||||||||||||||||||||||||||||d | ||
| 020 | _a8434412527 | ||
| 040 |
_aCDMR _bcat _cCDMR |
||
| 100 | 1 |
_aTimoteo Álvarez, Jesús _91142 |
|
| 245 | 1 | 0 |
_aHistoria y modelos de la comunicación en el siglo XX _b: el nuevo orden informativo _cJesús Timoteo Álvarez |
| 260 |
_aBarcelona _c1987 _bAriel |
||
| 490 | 0 | _aAriel Comunicación | |
| 650 | 0 | 4 |
_94172 _aSocietat de massa |
| 650 | 0 | 4 |
_91243 _aComunicació _xInnovacions tecnològiques |
| 650 | 0 | 4 |
_93178 _aMitjans de comunicació de massa _xAspectes econòmics |
| 942 |
_cMON _2udc |
||
| 999 |
_c1512 _d1512 |
||